000
002520000a22000970004500
100
1
_a
Mlay, Wilfred
245
1
0
_a
Traditional ways of carning for AIDS orphans are inadequate
300
_a
Num 4 (2001), Página 19
773
0
_t
Global Future
942
_c
ANA
999
_c
53566
_d
53566